Hokejová ST Extraliga - 34. kolo: ...

Bibliographic Details
Format: Article
Language:Slovak
PhysicalDescription:Fotogr., tab.
ISSN:0139-7001
Subjects:

MARC

LEADER 00000nab a2200000 ar4500
001 vtls008419079
003 SK-MaSNL
005 20260303070056.0
008 051216c20051205xo sr|p|||||||000 b|slo
015 |a SNBRB2005/12  |2 snkbucl 
038 |a SNKBUCL 
040 |a SNKBUCL  |b slo  |c SNKBUCL  |e AACR2 
041 0 |a slo 
044 |a xo  |c SK 
080 |a 796.966.093.1  |2 UDC-MRF-SK2 
245 0 0 |a Hokejová ST Extraliga - 34. kolo: ... 
300 |b Fotogr., tab. 
648 7 |a sezóna 2005/2006  |2 snkbucl  |9 1033192 
650 0 7 |a ľadový hokej  |2 snkbucl  |9 3231 
650 0 7 |a 34. kolo  |2 snkbucl  |9 1033718 
650 0 7 |a extraliga   |2 snkbucl  |9 18992 
773 0 |t Šport  |g Roč. 59, č. 285 (10.12.2005), s. 12-14  |x 0139-7001 
852 |a SNK  |b KIS3GCP 
999 |c 1753829  |d 1755759